Les 5 plus grandes puissances militaires par continent - Statistiques

Statistiques générales
  • Ce quiz a été pris 2 347 fois
  • Le résultat moyen est 24 sur 27
Statistiques - réponses
Continent Rang Mondial Pays % Correct
Amérique du Nord 1 Etats-Unis
99%
Europe 7 France
99%
Amérique du Nord 23 Canada
98%
Asie 3 Chine
98%
Europe 2 Russie
98%
Amérique du Sud 10 Brésil
97%
Europe 16 Allemagne
96%
Amérique du Nord 43 Mexique
96%
Océanie 17 Australie
95%
Europe 8 Royaume-Uni
95%
Amérique du Sud 40 Argentine
94%
Asie 5 Japon
93%
Afrique 31 Algérie
92%
Europe 11 Italie
92%
Asie 4 Inde
90%
Afrique 55 Maroc
90%
Océanie 84 Nouvelle-Zélande
87%
Asie 6 Corée du Sud
86%
Afrique 12 Egypte
86%
Afrique 26 Afrique du Sud
84%
Amérique du Sud 44 Colombie
84%
Amérique du Nord 70 Cuba
76%
Amérique du Sud 50 Pérou
76%
Amérique du Sud 45 Vénézuela
75%
Asie 9 Pakistan
74%
Afrique 35 Nigéria
61%
Amérique du Nord 91 Guatemala
49%
Aucun quiz correspondant
Distribution des résultats
% des personnes avec chaque résultat
Percentile par nombre de réponses
Votre historique - résultats
Vous n’avez pas pris ce quiz